Ja nič, ja muzikant

Chrumo je červotoč. Veľmi hlasný červotoč. Chrúme tak nahlas, že jeho rodinu vyhnali už z niekoľkých domovov. Chrumo zmizol, aby precestoval celý svet. Najprv sa zahryzol do darovanej fujary, potom do basgitary rockového muzikanta či do klarinetu. A z čoho ochutnal, toho zvuk vedel dokonale napodobn...

Full description

Bibliographic Details
Main Author: Jobus, Branislav, 1969- (Author)
Other Authors: Olejár, Peter (Narrator)
Format: CD Audio
Language:Slovak
PhysicalDescription:1 elektronický optický disk (CD-ROM) digitál., MP3 12 cm
Published: Levoča Slovenská knižnica pre nevidiacich Mateja Hrebendu 2015
ISBN:9788018036105 (CDROM)
Subjects:

MARC

LEADER 00000cim a2200000 a 4500
001 vtls010685759
003 SK-MaSNL
005 20260301091045.0
007 sd fungnnmmned
008 160430s2015 xo nnnnfs f n slo
015 |a SNBJ2016 
020 |a 9788018036105 (CDROM) 
040 |a SNK  |b slo  |c SNK  |e AACR2 
041 0 |d slo 
044 |a xo  |c SK 
072 7 |a 821.162.4-3  |x Slovenská próza  |2 konspekt 
080 |a 821.162.4-32  |2 2001 
080 |a (086.76)  |2 2011 
080 |a (086.7.053.2)  |2 2001 
100 1 |a Jobus, Branislav,  |d 1969-  |4 aut  |9 250527 
245 1 0 |a Ja nič, ja muzikant  |h elektronický zdroj  |c Braňo Jobus ; číta: Peter Olejár 
260 |a Levoča  |b Slovenská knižnica pre nevidiacich Mateja Hrebendu  |c 2015 
300 |a 1 elektronický optický disk (CD-ROM)  |b digitál., MP3  |c 12 cm 
306 |a 031600 
520 8 |a Chrumo je červotoč. Veľmi hlasný červotoč. Chrúme tak nahlas, že jeho rodinu vyhnali už z niekoľkých domovov. Chrumo zmizol, aby precestoval celý svet. Najprv sa zahryzol do darovanej fujary, potom do basgitary rockového muzikanta či do klarinetu. A z čoho ochutnal, toho zvuk vedel dokonale napodobniť. Hudba sa mu tak zapáčila, až sa rozhodol ju vyštudovať. Môže byť však červotoč naozaj muzikantom? 
521 |a Pre nevidiacich, slabozrakých a inak zdravotne postihnutých 
655 7 |a zvukové záznamy pre deti a mládež  |2 SNKPH  |9 70694 
655 7 |a slovenské príbehy  |2 SNKPH  |9 70494 
655 7 |a CD-ROM  |2 SNKPH  |9 70236 
700 1 |a Olejár, Peter  |4 nrt  |9 338666 
787 0 8 |i Podľa knihy:  |t Ja nič, ja muzikant  |d Bratislava : Slovart, 2014  |z 978-80-556-1147-1 
919 |a 978-80-18-03610-5 
958 |a SX 
958 |a LX 
958 |a DB 
999 |c 670010  |d 671940 
952 |a SNK  |b SNK  |y PREZ  |7 0  |p 17A1161062  |o snkSCD 3585  |i snk2015/22349  |8 0  |0 0  |1 0  |4 0  |d 2015-07-21  |l 0  |r 2026-02-23 19:23:36  |w 2026-02-23